| 000 | 01196nam a2200301 c 4500 | ||
|---|---|---|---|
| 003 | BLK | ||
| 005 | 20180422120827.0 | ||
| 008 | 180411b bul|||||r ||||||| ||bul|| | ||
| 010 | _aKNG00216653000 | ||
| 040 | _aBLK | ||
| 041 |
_aBUL _cBUL |
||
| 080 |
_aРуска литература _b821.161.1 _x.09(092) _z821.161.1.09(092) |
||
| 100 | 1 |
_aДимитров-Рудар, Петър _eпърви автор _gКелов, Петър Димитров _9367796 |
|
| 700 | 1 |
_aНедялков, Георги _eпортр. скици _9374815 |
|
| 139 |
_aДимитров-Рудар, Петър _bД 58 |
||
| 245 | 1 | 0 |
_aВелики руски писатели _bОчерци за деца и юноши _cПетър Димитров-Рудар; портр. скици Георги Недялков. |
| 250 | _a3. изд. | ||
| 257 | _aBGR | ||
| 260 |
_аСофия _bНар. младеж _c1987 |
||
| 300 |
_a192 с. _bс ил. _c23 см |
||
| 380 | _a82 | ||
| 650 | 4 |
_aПисатели, руски - биографии _9247286 |
|
| 852 | _aЦб 147925 | ||
| 856 | 4 |
_qpdf _u |
|
| 856 | 4 |
_qpdf _u |
|
| 942 |
_cKNG _n0 |
||
| 944 |
_aCR _c01.03.2018 _kТеодора_Стоянова |
||
| 944 |
_aED _c01.03.2018 _kТеодора_Стоянова |
||
| 999 |
_c206902 _d206902 |
||